| 000 | 00500nam a2200217Ia 4500 | ||
|---|---|---|---|
| 008 | 210210b2012 xxu||||| |||| 00| 0 eng d | ||
| 020 | _a9789380417639 | ||
| 041 | _aeng | ||
| 082 | _aH891.109 BALH | ||
| 100 | _aBALU (Ratod) | ||
| 245 | _aHindI ke Adhunik pratinidhi kavi | ||
| 260 |
_aKAnpur _bAman Prakashan _c2012 |
||
| 300 | _a216 | ||
| 650 | _apratinidhi | ||
| 650 | _ake | ||
| 650 | _akavi | ||
| 650 | _aHindI | ||
| 650 | _aAdhunik | ||
| 690 | _aHindi Criticism | ||
| 906 | _a068615 | ||
| 999 |
_c153047 _d153047 |
||